000 00295nam a22001217a 4500
020 _a0904655083
082 _a332.6 MOR
100 _aMorgan, E Victor
245 _aCapital markets in the eec
260 _aLondon
_bA wilton House special study
_c1977
300 _a495p.
_bill, 25cm
942 _cBK
999 _c15318
_d15318